Biblioteca

Una teología de la paz como proyecto alternativo : (Registro nro. 64788)

Detalles MARC
000 -LÍDER
Campo fijo de descripción fija 01728nas a22002534i 4500
001 - NÚMERO DE CONTROL
Campo de control 768714001
003 - IDENTIFICADOR DEL NÚMERO DE CONTROL
Campo de control CO-MdFUSB
005 - FECHA Y HORA DE LA ULTIMA TRANSACCIÓN
control field 20190202100526.0
008 - ELEMENTOS DE LONGITUD FIJA -- INFORMACIÓN GENERAL
Campo fijo de descripción fija -- Información general 190131s2017 ck ||||| |||| 00| 0 spa d
022 ## - NÚMERO INTERNACIONAL NORMALIZADO PARA PUBLICACIONES SERIADAS
Número Internacional Normalizado para Publicaciones Seriadas 0120-6877
040 ## - FUENTE DE CATALOGACIÓN
Agencia Catalogadora CO-MdFUSB
Idioma de catalogación spa
Agencia que realiza la transcripción CO-MdFUSB
Agencia que realiza la modificación CO-MdFUSB
041 ## - CÓDIGO DE IDIOMA
Código de idioma para texto/pista de sonido o título separado spa
100 ## - ASIENTO PRINCIPAL--NOMBRE PERSONAL
Nombre personal Espinosa Arce, Juan Pablo
Término relacionador autor
245 14 - TÍTULO
Título Una teología de la paz como proyecto alternativo :
Subtitulo de vida personal y comunitaria
Mención de responsabilidad / Juan Pablo Espinosa Arce
300 ## - DESCRIPCIÓN FÍSICA
Extensión Número 72 (2017), páginas 103-114
Dimensiones : 24 cm
520 ## - NOTA DE RESUMEN, ETC.
Nota de sumario, etc. En Colombia, en las condiciones sociales actuales, en las cuales se reconoce un conflicto armado que ha impactado de múltiples formas a todos los actores sociales y políticos, se ha interiorizado una serie de expresiones que naturalizan la violencia y legitiman prácticas que agudizan la exclusión y la discriminación. Ante este panorama se hace la invitación a construir lenguajes de paz desde la novioloencia, con el pleno convencimiento de la posibilidad de reconstruir el tejido social, aportar a las relaciones los contextos y los sujetos para la reconfiguración de las palabras, la evidencia de su intencionalidad y la nominación de los hechos desde lugares de respeto y confianza construidos como sociedad, todo esto con el fin de apostar por un país donde medien renovadas relaciones y lenguajes en el marco del posconflicto
650 #0 - ASIENTO SECUNDARIO DE MATERIA - TERMINO TEMÁTICO
Término temático o nombre geográfico como elemento de entrada Teología práctica
9 (RLIN) 180
653 ## - TÉRMINO DE INDIZACIÓN - NO CONTROLADO
Término no controlado Lenguaje de paz
653 ## - TÉRMINO DE INDIZACIÓN - NO CONTROLADO
Término no controlado Noviolencia
653 ## - TÉRMINO DE INDIZACIÓN - NO CONTROLADO
Término no controlado Discurso
653 ## - TÉRMINO DE INDIZACIÓN - NO CONTROLADO
Término no controlado Poder
773 0# - ASIENTO DE ITEM FUENTE
Biblionumber 64784
Itemnumber 77153
Asiento principal Universidad de la Salle
Otro identificador del ítem R1672
Título Revista de la Universidad de la Salle
Número de control del registro (CO-MdFUSB)768714001
Número Internacional Normalizado para Publicaciones Seriadas (ISSN) 0120-6877
Parte(s) relacionada(s) / Volumen., número. (mes año), páginas Número 72 (2017), páginas 103-114
Enumeración y primera página Página 103
942 ## - TIPO DE MATERIAL (KOHA)
Tipo de Item KOHA Artículos de Revista
Existencias
Expurgo - (Retirado) Estado de Perdido Estado de Dañado No prestable Colección Ubicación habitual Ubicación actual Fecha de Adquisición Tipo de Material
        Colección de Hemeroteca Biblioteca FUSBC Biblioteca FUSBC 31/01/2019 Artículos de Revista

Biblioteca FUSBC | Teléfono: (57+4) 349 88 10 Ext. 141| WhatsApp (+57) 3005338115 
E-mail: biblioteca@unisbc.edu.co | Calle 76 87-14 Robledo Palenque, Medellín, Colombia

Con tecnología Koha